An offer you can't refuse (Record no. 70578)

MARC details
000 -LEADER
fixed length control field 00655cam a2200193 4500
001 - CONTROL NUMBER
control field X118533
008 - FIXED-LENGTH DATA ELEMENTS--GENERAL INFORMATION
fixed length control field 020625n2002 000 0 eng u
035 ## - SYSTEM CONTROL NUMBER
System control number (Sirsi) u118533
100 ## - MAIN ENTRY--PERSONAL NAME
Personal name Roe, M
245 #3 - TITLE STATEMENT
Title An offer you can't refuse
260 ## - PUBLICATION, DISTRIBUTION, ETC.
Date of publication, distribution, etc. 2002
490 ## - SERIES STATEMENT
Series statement Building
Volume/sequential designation (8231) 26 April 2002, 58(1)
520 ## - SUMMARY, ETC.
Summary, etc. Looks at issue that if mediation is now mandatory, if a party refuses an offer to mediate, without good reason, they may lose out on costs even when they win the case.
650 ## - SUBJECT ADDED ENTRY--TOPICAL TERM
Topical term or geographic name entry element MEDIATION
650 ## - SUBJECT ADDED ENTRY--TOPICAL TERM
Topical term or geographic name entry element COWL AND OTHERS V PLYMOUTH CC
650 ## - SUBJECT ADDED ENTRY--TOPICAL TERM
Topical term or geographic name entry element DUNNETT V RAILTRACK PLC
690 ## - LOCAL SUBJECT ADDED ENTRY--TOPICAL TERM (OCLC, RLIN)
Topical term or geographic name as entry element Dispute resolution
9 (RLIN) 6236
942 ## - ADDED ENTRY ELEMENTS (KOHA)
Suppress in OPAC 0
Holdings
Withdrawn status Lost status Source of classification or shelving scheme Damaged status Not for loan Home library Current library Shelving location Date acquired Total Checkouts Full call number Barcode Date last seen Copy number Price effective from Koha item type
    Dewey Decimal Classification     London London Journal article 25/06/2002   X118533 118533-1001 06/08/2019 1 06/08/2019 Journal article